000 00394pab a2200145 454500
008 180718b1984 xxu||||| |||| 00| 0 eng d
100 _aFinnimore, Peter
245 _aWhat should be the relationship between policing and politics in contemporary society?
260 _c1984
300 _a8-18
362 _aJan.-Mar.
650 _aPolice - U.K.
773 _aPolice Journal
909 _a15181
999 _c15181
_d15181